[Event "ThEM 2003"]
[Site "?"]
[Date "2003.04.16"]
[Round "1"]
[White "Sieber, Stephan"]
[Black "Baecher, Reinhardt"]
[Result "1-0"]
[WhiteElo "2136"]
[BlackElo "1863"]
[PlyCount "41"]
[EventDate "2003.04.16"]
[EventRounds "9"]
[EventCountry "GER"]

1. e4 c5 2. Nf3 e6 3. d4 cxd4 4. Nxd4 a6 5. c4 Nf6 6. Nc3 Bb4 7. Bd3 Bxc3+ 8.
bxc3 d6 9. O-O O-O 10. Bg5 Nbd7 11. f4 Qc7 12. Qe1 b6 13. Qh4 Bb7 14. e5 Be4
15. exf6 Bxd3 16. f5 Qxc4 17. Bh6 Nxf6 18. Bxg7 Nd7 19. Qg5 f6 20. Bxf6+ Kf7
21. Qg7+ 1-0

[Event "ThEM 2003"]
[Site "?"]
[Date "2003.04.16"]
[Round "1"]
[White "Siebarth, Marco"]
[Black "Gulich, Christian"]
[Result "1/2-1/2"]
[WhiteElo "1799"]
[BlackElo "2133"]
[PlyCount "68"]
[EventDate "2003.04.16"]
[EventRounds "9"]
[EventCountry "GER"]

1. Nc3 Nf6 2. e4 d6 3. f4 c5 4. Nf3 Nc6 5. g3 g6 6. Bg2 Bg7 7. d3 O-O 8. Be3
Nd7 9. O-O e5 10. Qd2 Nd4 11. fxe5 Nxf3+ 12. Bxf3 Nxe5 13. Bg2 Be6 14. a3 Qd7
15. Rab1 Rac8 16. Ne2 Ng4 17. Kh1 Nxe3 18. Qxe3 Bh3 19. Nf4 Bxg2+ 20. Kxg2 f5
21. exf5 Rxf5 22. Qe6+ Qxe6 23. Nxe6 Rxf1 24. Kxf1 Be5 25. Ng5 c4 26. Ke2 Re8
27. Kd2 Bd4 28. Nf3 Be3+ 29. Kc3 cxd3 30. Kxd3 Bh6 31. Re1 Rxe1 32. Nxe1 Kf7
33. Ke4 Ke6 34. c4 Bg5 1/2-1/2

[Event "ThEM 2003"]
[Site "?"]
[Date "2003.04.16"]
[Round "1"]
[White "Skibbe, Diana"]
[Black "Schneider, Christian"]
[Result "1/2-1/2"]
[WhiteElo "2130"]
[BlackElo "1704"]
[PlyCount "72"]
[EventDate "2003.04.16"]
[EventRounds "9"]
[EventCountry "GER"]

1. e4 c6 2. d4 d5 3. Nc3 dxe4 4. Nxe4 Bf5 5. Ng3 Bg6 6. Nf3 Nd7 7. h4 h6 8. h5
Bh7 9. Bd3 Bxd3 10. Qxd3 Ngf6 11. Bd2 e6 12. Qe2 Be7 13. O-O-O O-O 14. Kb1 Qb6
15. Ne5 Nxe5 16. dxe5 Nd5 17. Ka1 a5 18. c4 Nb4 19. Be3 Bc5 20. Bxc5 Qxc5 21.
f4 b5 22. a3 Qe3 23. Qf3 Nc2+ 24. Ka2 Qxf3 25. gxf3 Ne3 26. Rd6 Nxc4 27. Rxc6
Rfd8 28. Ne4 Rd3 29. a4 Ne3 30. axb5 Nd5 31. Kb1 Rxf3 32. Rh4 Nxf4 33. b6 Rb8
34. Nd6 Nd3 35. Rc8+ Rxc8 36. Nxc8 Nxe5 1/2-1/2

[Event "ThEM 2003"]
[Site "?"]
[Date "2003.04.16"]
[Round "1"]
[White "Michalowski, Peter"]
[Black "Fischer, Kay"]
[Result "0-1"]
[WhiteElo "1676"]
[BlackElo "2130"]
[PlyCount "64"]
[EventDate "2003.04.16"]
[EventRounds "9"]
[EventCountry "GER"]

1. e4 e6 2. d4 d5 3. Nc3 Nf6 4. Bg5 Bb4 5. e5 h6 6. Bd2 Bxc3 7. bxc3 Ne4 8. Qg4
Kf8 9. Bd3 Nxd2 10. Kxd2 c5 11. Nh3 Nc6 12. Nf4 Qg5 13. Qxg5 hxg5 14. Nh3 g4
15. Ng1 cxd4 16. cxd4 Nxd4 17. f4 gxf3 18. Nxf3 Nxf3+ 19. gxf3 Bd7 20. Rag1 g6
21. h4 Ke7 22. f4 Rac8 23. h5 Rxh5 24. Rxh5 gxh5 25. Rh1 Rh8 26. Be2 h4 27. Ke3
Ba4 28. Bd3 Bc6 29. Kf3 f5 30. exf6+ Kxf6 31. Rh2 e5 32. fxe5+ Kxe5 0-1

[Event "ThEM 2003"]
[Site "?"]
[Date "2003.04.16"]
[Round "1"]
[White "Holzschuh, Stephan"]
[Black "Skibbe, Willi"]
[Result "1-0"]
[WhiteElo "2107"]
[BlackElo "1672"]
[PlyCount "41"]
[EventDate "2003.04.16"]
[EventRounds "9"]
[EventCountry "GER"]

1. e4 c6 2. d4 d5 3. exd5 cxd5 4. c4 Nf6 5. Nc3 Bf5 6. Qb3 Qc7 7. cxd5 Nbd7 8.
Nb5 Qb6 9. Qc4 Kd8 10. Bf4 Rc8 11. Qxc8+ Kxc8 12. Rc1+ Nc5 13. Rxc5+ Kd7 14.
Nf3 e5 15. Nxe5+ Ke8 16. Nc7+ Kd8 17. Nxf7+ Ke7 18. Nxh8 Qb4+ 19. Rc3 Qxb2 20.
d6+ Kd7 21. Bb5+ 1-0

[Event "ThEM 2003"]
[Site "?"]
[Date "2003.04.16"]
[Round "1"]
[White "Hermann, Ingo"]
[Black "Siebarth, Raiko"]
[Result "1/2-1/2"]
[WhiteElo "1622"]
[BlackElo "2103"]
[PlyCount "64"]
[EventDate "2003.04.16"]
[EventRounds "9"]
[EventCountry "GER"]

1. e4 c5 2. c3 Nf6 3. e5 Nd5 4. d4 cxd4 5. cxd4 e6 6. Nf3 Be7 7. Nc3 b6 8. Nxd5
exd5 9. Qb3 Bb7 10. Bd2 a6 11. Bd3 Nc6 12. O-O Rc8 13. Rac1 O-O 14. Rfe1 Re8
15. Bf5 Na7 16. Rxc8 Nxc8 17. Bb4 Bxb4 18. Qxb4 a5 19. Qd2 Ne7 20. Qd3 g6 21.
Bh3 Nc6 22. a3 Na7 23. Qd2 Kg7 24. Qf4 h6 25. Qf6+ Kg8 26. Qxd8 Rxd8 27. Rc1
Bc6 28. g3 Kf8 29. Bf1 Ke7 30. Bd3 Ke6 31. Kf1 Rg8 32. Ke2 Nc8 1/2-1/2

[Event "ThEM 2003"]
[Site "?"]
[Date "2003.04.16"]
[Round "1"]
[White "Taudte, Stefan"]
[Black "Berner, Stephan"]
[Result "1-0"]
[WhiteElo "2101"]
[BlackElo "1577"]
[PlyCount "69"]
[EventDate "2003.04.16"]
[EventRounds "9"]
[EventCountry "GER"]

1. d4 d5 2. c4 c6 3. Nc3 Nf6 4. Nf3 e6 5. Bg5 Be7 6. e3 O-O 7. c5 b6 8. b4 Nbd7
9. h3 h6 10. Bh4 Nh7 11. Bg3 Ng5 12. Nxg5 Bxg5 13. Be2 Bf6 14. Bd6 Be7 15. Bxe7
Qxe7 16. f4 Qh4+ 17. Kd2 Rb8 18. Qa4 bxc5 19. bxc5 Qg3 20. Rab1 Rxb1 21. Rxb1
Qxg2 22. Qxc6 Qxh3 23. Qc7 Nf6 24. Rb8 Ng4 25. Bxg4 Qxg4 26. Rxc8 Rxc8 27.
Qxc8+ Kh7 28. Qa6 h5 29. c6 h4 30. c7 h3 31. Qe2 Qh4 32. Qh2 Qg4 33. c8=Q Qg2+
34. Qxg2 hxg2 35. Ne2 1-0

[Event "ThEM 2003"]
[Site "?"]
[Date "2003.04.16"]
[Round "1"]
[White "Richter, Dagmar"]
[Black "Kirste, Olaf"]
[Result "0-1"]
[WhiteElo "1463"]
[BlackElo "2083"]
[PlyCount "66"]
[EventDate "2003.04.16"]
[EventRounds "9"]
[EventCountry "GER"]

1. e4 c5 2. Nf3 e6 3. d4 cxd4 4. Nxd4 Nf6 5. Nc3 d6 6. Bg5 a6 7. Bd3 Be7 8. f4
O-O 9. Nf3 Nc6 10. e5 dxe5 11. Nxe5 Nxe5 12. fxe5 Nd7 13. h4 f6 14. Qh5 f5 15.
O-O-O Qe8 16. Qe2 b5 17. Bxe7 Qxe7 18. g4 Nc5 19. gxf5 Nxd3+ 20. Rxd3 Rxf5 21.
Rg3 Bb7 22. Rhg1 Raf8 23. h5 Bf3 24. Qe3 Bxh5 25. Ne4 Rf1+ 26. Kd2 Rxg1 27.
Rxg1 Qb4+ 28. Kc1 Bg6 29. Nc5 Qc4 30. c3 Qxa2 31. Qd4 Qb1+ 32. Kd2 Qxb2+ 33.
Ke3 Qf2# 0-1

[Event "ThEM 2003"]
[Site "?"]
[Date "2003.04.16"]
[Round "1"]
[White "Buring, Matthias"]
[Black "Manger, Erika"]
[Result "1-0"]
[WhiteElo "2074"]
[BlackElo "1404"]
[PlyCount "47"]
[EventDate "2003.04.16"]
[EventRounds "9"]
[EventCountry "GER"]

1. e4 e6 2. Nf3 d5 3. e5 c5 4. b4 Bd7 5. bxc5 Bxc5 6. d4 Bb6 7. Bd3 Nc6 8. c3
Nge7 9. O-O O-O 10. Bxh7+ Kh8 11. Bc2 Nf5 12. Qd3 f6 13. g4 fxe5 14. dxe5 Qe8
15. gxf5 exf5 16. Ng5 Qg6 17. Re1 Rae8 18. Bb3 Be6 19. Bf4 d4 20. c4 Ba5 21.
Nd2 Rd8 22. Qh3+ Kg8 23. Qg3 Bxd2 24. Bxd2 1-0

[Event "ThEM 2003"]
[Site "?"]
[Date "2003.04.17"]
[Round "2"]
[White "Taudte, Stefan"]
[Black "Enders, Peter"]
[Result "0-1"]
[WhiteElo "2101"]
[BlackElo "2522"]
[PlyCount "80"]
[EventDate "2003.04.16"]
[EventRounds "9"]
[EventCountry "GER"]

1. d4 Nf6 2. c4 g6 3. Nc3 Bg7 4. e4 d6 5. h3 O-O 6. Bg5 h6 7. Be3 e5 8. d5 Na6
9. Bd3 Bd7 10. Nge2 Nc5 11. Bc2 a5 12. Qd2 Kh7 13. g4 Ng8 14. Ng3 Bf6 15. O-O-O
Bg5 16. Bxg5 Qxg5 17. Qxg5 hxg5 18. Nb5 Bxb5 19. cxb5 a4 20. Ne2 Ne7 21. h4 Kh6
22. Kd2 gxh4 23. Rxh4+ Kg5 24. Rdh1 c6 25. Nc3 Ra5 26. Rh8 Raa8 27. R8h7 cxd5
28. exd5 Ng8 29. R7h3 Nf6 30. Rf3 Rfe8 31. Re3 Rh8 32. Rxh8 Rxh8 33. Bxa4 Nxg4
34. Rg3 Rh2 35. Ke1 Kh4 36. b4 Nxa4 37. Nxa4 e4 38. Nb2 e3 39. Rf3 exf2+ 40.
Kf1 Rh1+ 0-1

[Event "ThEM 2003"]
[Site "?"]
[Date "2003.04.17"]
[Round "2"]
[White "Kirste, Olaf"]
[Black "Aepfler, Christian"]
[Result "1/2-1/2"]
[WhiteElo "2083"]
[BlackElo "2266"]
[PlyCount "89"]
[EventDate "2003.04.16"]
[EventRounds "9"]
[EventCountry "GER"]

1. c4 d6 2. Nc3 c6 3. d4 e5 4. e4 Nf6 5. f3 Nbd7 6. Be3 Be7 7. Qd2 h6 8. Nge2
Ng8 9. Ng3 g6 10. Be2 Bg5 11. O-O Bxe3+ 12. Qxe3 exd4 13. Qxd4 Qb6 14. Rfd1 Ke7
15. Na4 Qxd4+ 16. Rxd4 Ngf6 17. Rad1 Ne8 18. Nf1 Nf8 19. Ne3 Ne6 20. R4d2 Nf4
21. Bf1 Be6 22. Nc3 g5 23. Kf2 Ng6 24. Ne2 Rd8 25. Nd4 Ng7 26. g3 h5 27. Ndf5+
Bxf5 28. exf5 Ne5 29. f6+ Kxf6 30. Rxd6+ Rxd6 31. Rxd6+ Ke7 32. Rd2 f5 33. f4
gxf4 34. gxf4 Ng4+ 35. Kf3 Re8 36. Nc2 Ne6 37. h3 Nh6 38. Ne3 Rg8 39. Ng2 Nc5
40. Bd3 a5 41. Bc2 Ne6 42. Nh4 c5 43. Bxf5 Nd4+ 44. Ke4 Rg3 45. Bc8 1/2-1/2

[Event "ThEM 2003"]
[Site "?"]
[Date "2003.04.17"]
[Round "2"]
[White "Buring, Matthias"]
[Black "Sieber, Stephan"]
[Result "1-0"]
[WhiteElo "2074"]
[BlackElo "2136"]
[PlyCount "69"]
[EventDate "2003.04.16"]
[EventRounds "9"]
[EventCountry "GER"]

1. d4 f5 2. Nf3 Nf6 3. e3 b6 4. Bc4 e6 5. d5 Qe7 6. O-O Qc5 7. b3 exd5 8. Ba3
Qc6 9. Nd4 Qb7 10. Bxf8 Rxf8 11. Bd3 g6 12. c4 dxc4 13. bxc4 Nc6 14. Nc3 Ne5
15. Be2 Ne4 16. Nd5 c6 17. Nf4 Nc3 18. Qc2 Nxe2+ 19. Nfxe2 d6 20. f4 Ng4 21.
Ng3 Qe7 22. Rfe1 Qh4 23. Nf1 Bd7 24. h3 Nf6 25. Nf3 Qh6 26. Rad1 Ne4 27. N1d2
Nc5 28. Nb3 Nb7 29. a4 Kd8 30. Qc3 Kc7 31. a5 Rf7 32. a6 Nc5 33. Nxc5 dxc5 34.
Qe5+ Kc8 35. Rxd7 1-0

[Event "ThEM 2003"]
[Site "?"]
[Date "2003.04.17"]
[Round "2"]
[White "Petiko, Jakob"]
[Black "Holzschuh, Stephan"]
[Result "1/2-1/2"]
[WhiteElo "2016"]
[BlackElo "2107"]
[PlyCount "38"]
[EventDate "2003.04.16"]
[EventRounds "9"]
[EventCountry "GER"]

1. e4 c5 2. d3 Nc6 3. g3 g6 4. Bg2 Bg7 5. c3 d6 6. Be3 e6 7. Qd2 Nge7 8. Bh6
Bxh6 9. Qxh6 Qb6 10. Qd2 Ne5 11. Bf1 N7c6 12. f4 Ng4 13. Na3 d5 14. h3 Nf6 15.
e5 Ng8 16. c4 Nd4 17. Bg2 Ne7 18. Ne2 Nxe2 19. Kxe2 Bd7 1/2-1/2

[Event "ThEM 2003"]
[Site "?"]
[Date "2003.04.17"]
[Round "2"]
[White "Wehner, Jannis"]
[Black "Huster, Mike"]
[Result "1/2-1/2"]
[WhiteElo "2197"]
[BlackElo "1917"]
[PlyCount "24"]
[EventDate "2003.04.16"]
[EventRounds "9"]
[EventCountry "GER"]

1. e4 d5 2. exd5 Nf6 3. Nc3 Nxd5 4. Nxd5 Qxd5 5. Nf3 Bg4 6. Be2 e6 7. O-O Be7
8. c3 O-O 9. d4 Nc6 10. Bf4 Bd6 11. Bxd6 Qxd6 12. Bd3 Qf4 1/2-1/2

[Event "ThEM 2003"]
[Site "?"]
[Date "2003.04.17"]
[Round "2"]
[White "Koch, Stefan"]
[Black "Goemann, Jens"]
[Result "1/2-1/2"]
[WhiteElo "1923"]
[BlackElo "2194"]
[PlyCount "23"]
[EventDate "2003.04.16"]
[EventRounds "9"]
[EventCountry "GER"]

1. e4 e6 2. d4 d5 3. exd5 exd5 4. Bd3 Nc6 5. c3 Bd6 6. Ne2 Qh4 7. Ng3 Nf6 8.
Nd2 O-O 9. Nf3 Re8+ 10. Be2 Qg4 11. O-O Qd7 12. Re1 1/2-1/2

[Event "ThEM 2003"]
[Site "?"]
[Date "2003.04.17"]
[Round "2"]
[White "Schneider, Christian"]
[Black "Kraemer, Martin"]
[Result "0-1"]
[WhiteElo "1704"]
[BlackElo "2173"]
[PlyCount "84"]
[EventDate "2003.04.16"]
[EventRounds "9"]
[EventCountry "GER"]

1. Nc3 c5 2. e4 Nc6 3. f4 g6 4. Nf3 Bg7 5. g3 d6 6. Bg2 e6 7. d3 Nge7 8. O-O
O-O 9. Be3 b6 10. Rb1 d5 11. Bd2 Ba6 12. e5 b5 13. a4 b4 14. Nb5 f6 15. Re1
fxe5 16. fxe5 h6 17. d4 c4 18. c3 b3 19. Nh4 g5 20. Nf3 Ng6 21. Nxg5 hxg5 22.
Qh5 Nge7 23. Bxg5 Qd7 24. Bh3 Nf5 25. Rf1 Qf7 26. Qxf7+ Rxf7 27. g4 Bh6 28.
Bxh6 Nxh6 29. Rxf7 Nxf7 30. Nc7 Bb7 31. Nxa8 Bxa8 32. Rf1 Ncd8 33. Rf6 Kg7 34.
Bg2 a5 35. h4 Bc6 36. g5 Bxa4 37. Kf2 Be8 38. Kg3 a4 39. Kg4 a3 40. bxa3 b2 41.
Rf1 Nxe5+ 42. dxe5 Bg6 0-1

[Event "ThEM 2003"]
[Site "?"]
[Date "2003.04.17"]
[Round "2"]
[White "Gulich, Christian"]
[Black "Siegl, Detlef"]
[Result "1/2-1/2"]
[WhiteElo "2133"]
[BlackElo "2027"]
[PlyCount "34"]
[EventDate "2003.04.16"]
[EventRounds "9"]
[EventCountry "GER"]

1. e4 e5 2. Nf3 Nf6 3. d4 Nxe4 4. Bd3 d5 5. Nxe5 Nd7 6. O-O Be7 7. c4 Nxe5 8.
dxe5 Be6 9. Qf3 Nc5 10. Rd1 d4 11. Bf1 O-O 12. Be3 Qc8 13. Rxd4 f6 14. Qe2 fxe5
15. Rd1 Nd7 16. Nc3 Nf6 17. h3 a6 1/2-1/2

[Event "ThEM 2003"]
[Site "?"]
[Date "2003.04.17"]
[Round "2"]
[White "Seidens, Gunter"]
[Black "Skibbe, Diana"]
[Result "1/2-1/2"]
[WhiteElo "2069"]
[BlackElo "2130"]
[PlyCount "144"]
[EventDate "2003.04.16"]
[EventRounds "9"]
[EventCountry "GER"]

1. d4 Nf6 2. Nf3 c5 3. c4 cxd4 4. Nxd4 Nc6 5. Nc3 g6 6. g3 Bg7 7. Bg2 O-O 8.
O-O a6 9. h3 Qc7 10. Be3 d6 11. Rc1 Nxd4 12. Qxd4 Be6 13. b3 Qa5 14. Qd2 Qc7
15. Na4 Nd7 16. c5 dxc5 17. Nxc5 Nxc5 18. Rxc5 Qd8 19. Rd1 Qxd2 20. Rxd2 Rac8
21. Bxb7 Rxc5 22. Bxc5 Bxh3 23. Bxe7 Re8 24. Rd8 Rxd8 25. Bxd8 Bd4 26. Bxa6 Kf8
27. Bc4 Ke8 28. Ba5 f6 29. Bb4 Kd7 30. Kh2 Bf5 31. Kg2 Be4+ 32. f3 Bb7 33. a4
Kc8 34. Bd2 g5 35. g4 Bc6 36. Kf1 Be8 37. e3 Bc5 38. Ke2 h5 39. gxh5 Bxh5 40.
Bc3 Be7 41. b4 Kb8 42. e4 g4 43. fxg4 Bxg4+ 44. Ke3 f5 45. exf5 Bxf5 46. a5
Bg5+ 47. Kf3 Be7 48. Kf4 Bc8 49. b5 Bc5 50. Ke4 Bh3 51. Kd5 Bf2 52. Bd3 Bg2+
53. Be4 Bxe4+ 54. Kxe4 Kb7 55. Kd5 Bh4 56. Bd4 Bd8 57. a6+ Ka8 58. Kc6 Ba5 59.
Bf6 Ka7 60. Bd4+ Ka8 61. Bb6 Bd2 62. Kd5 Be1 63. Kc4 Bh4 64. Kc5 Bf2+ 65. Kc6
Be1 66. Kd7 Bd2 67. Bc5 Ba5 68. Kc8 Bc7 69. Bd4 Bb6 70. Bc3 Bd4 71. Bb4 Bc5 72.
Kc7 Bxb4 1/2-1/2

[Event "ThEM 2003"]
[Site "?"]
[Date "2003.04.17"]
[Round "2"]
[White "Haensel, Thomas"]
[Black "Hermann, Ingo"]
[Result "1/2-1/2"]
[WhiteElo "2312"]
[BlackElo "1622"]
[PlyCount "158"]
[EventDate "2003.04.16"]
[EventRounds "9"]
[EventCountry "GER"]

1. e4 e6 2. d4 d5 3. Nc3 Nf6 4. e5 Nfd7 5. f4 c5 6. Nf3 Nc6 7. Be3 cxd4 8. Nxd4
Bc5 9. Qd2 O-O 10. O-O-O a6 11. h4 Bxd4 12. Bxd4 b5 13. Rh3 b4 14. Na4 Qa5 15.
b3 Nxd4 16. Qxd4 Bb7 17. c3 Rfc8 18. Kb2 bxc3+ 19. Rxc3 Rxc3 20. Qxc3 Qd8 21.
Qb4 Bc6 22. Rc1 a5 23. Qd4 Bxa4 24. Qxa4 f6 25. Qc6 Nf8 26. Bd3 Rb8 27. g3 Rb6
28. Qc7 Qxc7 29. Rxc7 fxe5 30. fxe5 Rb4 31. Ra7 Rg4 32. Rxa5 Rxg3 33. Bb5 g5
34. Ra4 g4 35. Be8 Ng6 36. Bxg6 hxg6 37. Rf4 Kg7 38. a4 Re3 39. a5 g3 40. Rg4
Re2+ 41. Kc3 g2 42. h5 Re3+ 43. Kc2 Re2+ 44. Kd3 Rb2 45. Kc3 Ra2 46. b4 g5 47.
Kb3 Rf2 48. Rxg5+ Kh6 49. Rg8 Kxh5 50. a6 Rf3+ 51. Ka4 Rf2 52. Kb5 Ra2 53. a7
Rxa7 54. Rxg2 Rb7+ 55. Kc5 Rc7+ 56. Kd6 Rc4 57. b5 Rb4 58. Kc6 Rc4+ 59. Kb7 Rb4
60. b6 Rb3 61. Kc7 Rc3+ 62. Kb8 Rb3 63. b7 d4 64. Ra2 Kg5 65. Ka8 Kf5 66. Ra5
d3 67. b8=Q Rxb8+ 68. Kxb8 Ke4 69. Kc7 d2 70. Ra1 Kxe5 71. Rd1 Kf4 72. Rxd2 e5
73. Rf2+ Ke3 74. Rf8 e4 75. Kd6 Kd4 76. Rf4 Kd3 77. Ke5 e3 78. Rd4+ Kc2 79. Re4
Kd2 1/2-1/2

[Event "ThEM 2003"]
[Site "?"]
[Date "2003.04.17"]
[Round "2"]
[White "Kirschbaum, Gunnar"]
[Black "Michalowski, Peter"]
[Result "1-0"]
[WhiteElo "2179"]
[BlackElo "1676"]
[PlyCount "73"]
[EventDate "2003.04.16"]
[EventRounds "9"]
[EventCountry "GER"]

1. d4 Nf6 2. Nf3 g6 3. c4 Bg7 4. Nc3 O-O 5. e4 d6 6. h3 Nbd7 7. Be3 e5 8. d5
Nh5 9. g3 h6 10. Nh2 Nhf6 11. g4 Ne8 12. Qd2 Kh7 13. Bd3 Nc5 14. Bc2 f5 15.
gxf5 gxf5 16. exf5 e4 17. Nxe4 Nxe4 18. Bxe4 Qe7 19. Qc2 Nf6 20. Bd3 Kh8 21.
O-O-O b5 22. Rhg1 bxc4 23. Qxc4 Bb7 24. Rg6 Bxd5 25. Qd4 c5 26. Qh4 Ng8 27.
Qxe7 Nxe7 28. Rxd6 Bxa2 29. Bxh6 Nxf5 30. Bxg7+ Nxg7 31. Be4 Rab8 32. f3 Rb6
33. Rd7 Rfb8 34. Rg1 Rxb2 35. Rgxg7 Rb1+ 36. Bxb1 Rxb1+ 37. Kc2 1-0

[Event "ThEM 2003"]
[Site "?"]
[Date "2003.04.17"]
[Round "2"]
[White "Lange, Corinna"]
[Black "Skibbe, Willi"]
[Result "1-0"]
[WhiteElo "2162"]
[BlackElo "1672"]
[PlyCount "55"]
[EventDate "2003.04.16"]
[EventRounds "9"]
[EventCountry "GER"]

1. e4 e6 2. Nf3 Nc6 3. d4 d5 4. e5 Be7 5. c3 f6 6. Bd3 f5 7. O-O h5 8. Ne1 g5
9. f4 g4 10. Be3 Nh6 11. Nc2 Bf8 12. c4 Ne7 13. Nc3 c6 14. cxd5 cxd5 15. Rc1
Ng6 16. Na3 Bxa3 17. Qa4+ Bd7 18. Qxa3 Nh4 19. Rc2 a6 20. Rfc1 Rg8 21. Kh1 Ng6
22. Na4 g3 23. Rc7 Ng4 24. Nb6 Qh4 25. h3 Nxf4 26. Qd6 Rd8 27. Rxd7 Nxh3 28.
Qxe6+ 1-0

[Event "ThEM 2003"]
[Site "?"]
[Date "2003.04.17"]
[Round "2"]
[White "Koksch, Robert"]
[Black "Berner, Stephan"]
[Result "1-0"]
[WhiteElo "2072"]
[BlackElo "1577"]
[PlyCount "77"]
[EventDate "2003.04.16"]
[EventRounds "9"]
[EventCountry "GER"]

1. d4 d5 2. c4 c6 3. Nc3 Nf6 4. e3 e6 5. Qc2 Be7 6. Nf3 Nbd7 7. b3 c5 8. Bb2 b6
9. Bd3 Bb7 10. O-O h6 11. Rfe1 Rc8 12. Ne5 Nxe5 13. dxe5 Nd7 14. f4 dxc4 15.
bxc4 O-O 16. Rad1 a6 17. Qf2 Qc7 18. Qg3 Qc6 19. e4 Rcd8 20. Re3 Qc7 21. Rf1
Bc6 22. Ne2 Qb7 23. f5 Bg5 24. Nf4 Qb8 25. h4 Bxf4 26. Qxf4 f6 27. fxe6 fxe5
28. Qg3 Rxf1+ 29. Kxf1 Rf8+ 30. Kg1 Nf6 31. Bxe5 Qd8 32. Bd6 Re8 33. e7 Qd7 34.
e5 Nh5 35. Qg6 Nf4 36. Qh7+ Kf7 37. Rg3 Rg8 38. Bg6+ Nxg6 39. Qxg6# 1-0

[Event "ThEM 2003"]
[Site "?"]
[Date "2003.04.17"]
[Round "2"]
[White "Deuter, Lutz"]
[Black "Richter, Dagmar"]
[Result "1-0"]
[WhiteElo "2049"]
[BlackElo "1463"]
[PlyCount "73"]
[EventDate "2003.04.16"]
[EventRounds "9"]
[EventCountry "GER"]

1. Nf3 c5 2. e4 Nc6 3. d4 cxd4 4. Nxd4 g6 5. c4 Bg7 6. Be3 Nf6 7. Nc3 O-O 8.
Be2 a6 9. O-O Qc7 10. Rc1 d6 11. f3 Ne5 12. b3 Bd7 13. Qd2 Qa5 14. Rfd1 Nc6 15.
Nc2 Be6 16. b4 Qd8 17. a4 Nd7 18. a5 b6 19. axb6 Nxb6 20. Nd5 Bxd5 21. cxd5 Ne5
22. Nd4 Qb8 23. f4 Ned7 24. Nc6 Qe8 25. Bd4 f5 26. Bxg7 Kxg7 27. e5 dxe5 28.
fxe5 Nxe5 29. Qd4 Nbd7 30. Nxe5 Nxe5 31. Qxe5+ Kh6 32. Rc3 Rf6 33. d6 Rxd6 34.
Rh3+ Kg5 35. Rxh7 Rxd1+ 36. Bxd1 Qc6 37. h4# 1-0

[Event "ThEM 2003"]
[Site "?"]
[Date "2003.04.17"]
[Round "2"]
[White "Baecher, Reinhardt"]
[Black "Manger, Erika"]
[Result "1-0"]
[WhiteElo "1863"]
[BlackElo "1404"]
[PlyCount "79"]
[EventDate "2003.04.16"]
[EventRounds "9"]
[EventCountry "GER"]

1. e4 e6 2. d4 d5 3. Nc3 Bb4 4. e5 c5 5. a3 cxd4 6. axb4 dxc3 7. Nf3 cxb2 8.
Bxb2 Nc6 9. b5 Na5 10. Bc3 b6 11. Bxa5 bxa5 12. Qd2 Ne7 13. Bd3 Bb7 14. O-O h6
15. Nd4 a6 16. Rxa5 Qb6 17. Nb3 O-O 18. Kh1 axb5 19. Rxb5 Qc7 20. f4 Ba6 21.
Rc5 Qb6 22. Rc3 Bxd3 23. Rxd3 Rfc8 24. Nd4 Ra4 25. g4 Nc6 26. c3 Nxd4 27. Rxd4
Rxd4 28. cxd4 Rc4 29. Rd1 Qb3 30. Qd3 Qb2 31. Rd2 Qc1+ 32. Kg2 Rc3 33. Qe2 Qa3
34. f5 Re3 35. Qf2 Re4 36. h3 g5 37. fxg6 fxg6 38. Qf6 Qe3 39. Ra2 Rf4 40. Ra8+
1-0

[Event "ThEM 2003"]
[Site "?"]
[Date "2003.04.17"]
[Round "3"]
[White "Enders, Peter"]
[Black "Buring, Matthias"]
[Result "1-0"]
[WhiteElo "2522"]
[BlackElo "2074"]
[PlyCount "77"]
[EventDate "2003.04.16"]
[EventRounds "9"]
[EventCountry "GER"]

1. e4 e5 2. Nf3 Nc6 3. Bb5 Bc5 4. O-O d6 5. c3 a6 6. Bxc6+ bxc6 7. d4 exd4 8.
cxd4 Bb6 9. h3 Ne7 10. Nc3 h6 11. Bf4 O-O 12. Qd2 Ng6 13. Bg3 f5 14. exf5 Bxf5
15. Ne1 Qf6 16. Rd1 Rae8 17. Nc2 Be4 18. Nxe4 Rxe4 19. Qd3 d5 20. Qxa6 Ne7 21.
Rfe1 Rxe1+ 22. Rxe1 Nf5 23. Be5 Qg6 24. Qd3 Qg5 25. Kf1 Qh4 26. Re2 Qg5 27. Re1
Qh4 28. Kg1 Qg5 29. b4 Rf7 30. f4 Qh4 31. Kh2 Nd6 32. Qg6 Qd8 33. a4 Qd7 34. a5
Ba7 35. Ne3 Re7 36. Ng4 Kf8 37. Qh7 Qf5 38. Qh8+ Kf7 39. Qxg7+ 1-0

[Event "ThEM 2003"]
[Site "?"]
[Date "2003.04.17"]
[Round "3"]
[White "Aepfler, Christian"]
[Black "Rohmeiss, Roberto"]
[Result "1-0"]
[WhiteElo "2266"]
[BlackElo "2065"]
[PlyCount "123"]
[EventDate "2003.04.16"]
[EventRounds "9"]
[EventCountry "GER"]

1. e4 e5 2. Nf3 Nc6 3. Nc3 Nf6 4. Bb5 Bb4 5. O-O O-O 6. d3 d6 7. Bg5 Bxc3 8.
bxc3 Qe7 9. Re1 Nd8 10. d4 Ne6 11. Bc1 c5 12. Bf1 Rd8 13. d5 Nf8 14. g3 Bg4 15.
Bg2 b5 16. c4 bxc4 17. Qe2 Rdb8 18. c3 Rb6 19. Qxc4 Rab8 20. Nd2 Bc8 21. Qd3
Ba6 22. Qc2 Qc7 23. h3 c4 24. Ba3 N8d7 25. Bf1 h6 26. Bb4 R6b7 27. Qa4 Bb5 28.
Qa3 Ne8 29. Reb1 f5 30. exf5 Ndf6 31. Bg2 Bd7 32. g4 Rb5 33. Qc1 Nxd5 34. a4
Nf4 35. Qf1 R5b6 36. Qxc4+ Qxc4 37. Nxc4 Ne2+ 38. Kh2 Nxc3 39. Nxb6 Nxb1 40.
Nd5 a5 41. Bxa5 Rb2 42. Be4 Rxf2+ 43. Kg3 Nd2 44. Kxf2 Nxe4+ 45. Ke3 Nc5 46.
Nb6 Nb3 47. Rd1 Bxa4 48. Bb4 Nd4 49. Nxa4 Nc2+ 50. Kd3 Nxb4+ 51. Kc4 Nc2 52.
Rd2 Nd4 53. Nc3 h5 54. Nd5 Kh7 55. Ra2 hxg4 56. hxg4 Nf3 57. Ra8 Nf6 58. Nxf6+
gxf6 59. Kd5 Nh2 60. g5 fxg5 61. f6 Kg6 62. Ke6 1-0

[Event "ThEM 2003"]
[Site "?"]
[Date "2003.04.17"]
[Round "3"]
[White "Kraemer, Martin"]
[Black "Petiko, Jakob"]
[Result "1-0"]
[WhiteElo "2173"]
[BlackElo "2016"]
[PlyCount "63"]
[EventDate "2003.04.16"]
[EventRounds "9"]
[EventCountry "GER"]

1. e4 d6 2. d4 Nf6 3. Nc3 c6 4. f3 Nbd7 5. g4 e5 6. Be3 Qc7 7. Nge2 b5 8. g5
Nh5 9. Ng3 Nxg3 10. hxg3 Bb7 11. a3 exd4 12. Qxd4 Ne5 13. Be2 a6 14. f4 Nd7 15.
Bg4 Nc5 16. Qd2 Nd7 17. Kf2 Nb6 18. b3 Rd8 19. Rae1 Be7 20. Bf3 Kf8 21. Rh2 d5
22. exd5 Nxd5 23. Nxd5 cxd5 24. Bd4 Bxa3 25. b4 Kg8 26. Re3 Bxb4 27. Qxb4 Qxc2+
28. Re2 Qc8 29. Qe7 Bc6 30. Bg4 Qb8 31. Bh5 Rf8 32. Bc5 1-0

[Event "ThEM 2003"]
[Site "?"]
[Date "2003.04.17"]
[Round "3"]
[White "Holzschuh, Stephan"]
[Black "Kirste, Olaf"]
[Result "1/2-1/2"]
[WhiteElo "2107"]
[BlackElo "2083"]
[PlyCount "52"]
[EventDate "2003.04.16"]
[EventRounds "9"]
[EventCountry "GER"]

1. e4 c5 2. Nf3 e6 3. d4 cxd4 4. Nxd4 Nf6 5. Bd3 a6 6. O-O d6 7. c4 Be7 8. Nc3
Nc6 9. Nxc6 bxc6 10. Be3 Qc7 11. f4 e5 12. Be2 exf4 13. Bxf4 Nd7 14. Kh1 Ne5
15. Qd4 Be6 16. c5 f6 17. cxd6 Bxd6 18. Rad1 Be7 19. Qa4 O-O 20. Rc1 Qb6 21.
Bxe5 fxe5 22. Bc4 Bxc4 23. Qxc4+ Kh8 24. Qe6 Bg5 25. Rcd1 Qxb2 26. Qd6 Qb8
1/2-1/2

[Event "ThEM 2003"]
[Site "?"]
[Date "2003.04.17"]
[Round "3"]
[White "Goemann, Jens"]
[Black "Koksch, Robert"]
[Result "1/2-1/2"]
[WhiteElo "2194"]
[BlackElo "2072"]
[PlyCount "35"]
[EventDate "2003.04.16"]
[EventRounds "9"]
[EventCountry "GER"]

1. c4 c6 2. Nf3 d5 3. g3 g6 4. Bg2 Bg7 5. O-O Nf6 6. b3 O-O 7. Bb2 Nbd7 8. Qc2
Re8 9. Na3 e6 10. d3 Qa5 11. Qc1 a6 12. Bc3 Qc7 13. Rb1 e5 14. e3 e4 15. Ne1
Ne5 16. cxd5 cxd5 17. dxe4 dxe4 18. Bd4 1/2-1/2